000 00576nam a2200205Ia 4500
005 20250923145653.0
008 008 250917s9999 xx 000 0 eng d
037 _aTextual
040 _aDSWL
_beng
_cDSWL
041 _aeng
_2eng
084 _aV2:58(Q), N85
_qDSWL
100 _aKamble, J.R.
_9837767
245 0 _aPursuit of equality in Indian history
_c by J.R.Kamble
260 _aNew Delhi
_bDelhi National
_c1985
300 _axi,414 p.
365 _aINR
_b180
925 _g180
942 _cTEXL
_hV2:58(Q), N85
999 _c1454169
_d1454169